| 000 | 01836cam a2200325 i 4500 | ||
|---|---|---|---|
| 999 |
_c28009 _d27980 |
||
| 001 | 20183914 | ||
| 003 | EG-ScBUE | ||
| 005 | 20200210092025.0 | ||
| 008 | 171007s2018 nyu f 001 0 eng d | ||
| 020 | _a9781138284272 (pbk.) | ||
| 040 |
_aLBSOR/DLC _beng _erda _cLBSOR _dDLC _dEG-ScBUE |
||
| 082 | 0 | 4 |
_a070.4 _bTRU _222 |
| 100 | 1 |
_aTrujillo, Tammy, _eauthor. |
|
| 245 | 1 | 0 |
_aWriting and reporting news you can use / _cTammy Trujillo. |
| 264 | 1 |
_aNew York, NY ; _aMilton Park, Abingdon, Oxon : _bRoutledge, Taylor and Francis Group, _c2018. |
|
| 300 |
_axiv, 224 pages ; _c24 cm |
||
| 336 |
_atext _2rdacontent _btxt |
||
| 337 |
_aunmediated _2rdamedia _bn |
||
| 338 |
_avolume _2rdacarrier _bnc |
||
| 500 | _aIncludes index. | ||
| 520 |
_a"Writing and Reporting News You Can Use instructs students on how to produce news that is informative, interesting, educational, and most importantly, compelling. It addresses roadblocks to student interest in writing news, using illustrative examples and exercises to help them understand how to write news that is interesting and accurate. Trujillo's hands-on approach is based on real-world strategies that deal with audience and market characteristics. Students are writing from the very beginning while also getting the ethical and legal grounding necessary to understand the field. This textbook is a complete resource for students learning broadcast news, including how to get a job after leaving the classroom"-- _cProvided by publisher. |
||
| 650 | 7 |
_aBroadcast journalism _xAuthorship. _2BUEsh |
|
| 650 | 7 |
_aTelevision broadcasting of news. _2BUEsh |
|
| 653 |
_bCOMAME _cFebruary2020 |
||
| 655 | _vReading book | ||
| 906 |
_a7 _bcbc _corignew _d1 _eecip _f20 _gy-gencatlg |
||
| 942 |
_2ddc _cBB |
||